000 00801nam a2200229 i 4500
001 23693
003 ES-MaACL
005 20231224062911.0
007 t|
008 021212s1969 sp ||||1| spa d
100 1 _aAmador de los Ríos, José,
_d1818-1878
_921088
245 1 0 _aHistoria crítica de la literatura española /
_cJosé Amador de los Ríos.
250 _aEd. facsimil.
260 _aMadrid :
_bGredos,
_c1969.
300 _a7 v. ;
_c21 cm.
490 1 _aBiblioteca románica hispánica. IX. Facsimiles
534 _pReprod. de la ed. de:
_cMadrid, 1861-1865.
650 4 _aLiteratura española-
_xHistoria y crítica
_914560
830 0 _aBiblioteca románica hispánica. IX. Facsimiles
_9229052
852 _aES-MaACL
_jP-745-Bis
_bR.72286
999 _c23693
_d23693